Best Selling Albums in the UK - Statistics

General Stats
  • This quiz has been taken 171 times
  • The average score is 35 of 60
Answer Stats
Album Artists % Correct
6. Thriller Michael Jackson
98%
9. Bad Michael Jackson
98%
3. Sgt. Pepper's Lonely Hearts Club Band The Beatles
98%
22. 1 The Beatles
98%
7. The Dark Side of the Moon Pink Floyd
96%
4. 21 Adele
95%
14. 25 Adele
95%
12. Rumours Fleetwood Mac
92%
54. Tango in the Night Fleetwood Mac
92%
11. Back to Black Amy Winehouse
89%
5. (What's the Story?) Morning Glory Oasis
87%
55. The Marshall Mathers LP Eminem
86%
37. The Joshua Tree U2
83%
52. Graceland Paul Simon
81%
47. Tracy Chapman Tracy Chapman
81%
30. Spice Spice Girls
80%
8. Brothers in Arms Dire Straits
77%
21. Bat Out of Hell Meat Loaf
77%
1. Greatest Hits Queen
77%
10. Greatest Hits II Queen
77%
23. Bridge Over Troubled Water Simon and Garfunkel
77%
33. A Rush of Blood to the Head Coldplay
74%
39. X&Y Coldplay
74%
43. Parachutes Coldplay
74%
42. Jagged Little Pill Alanis Morissette
71%
2. Gold: Greatest Hits ABBA
69%
48. Greatest Hits ABBA
69%
60. Automatic for the People R.E.M.
65%
40. Scissor Sisters Scissor Sisters
65%
13. The Immaculate Collection Madonna
64%
19. Urban Hymns The Verve
57%
49. Movie Soundtrack (1978) Grease
55%
45. Ladies and Gentlemen: The Best Of George Michael
54%
17. Legend Bob Marley and the Wailers
52%
20. x Ed Sheeran
51%
50. I've Been Expecting You Robbie Williams
50%
56. Swing When You're Winning Robbie Williams
50%
44. Tubular Bells Mike Oldfield
43%
31. The Fame Lady Gaga
42%
15. Stars Simply Red
41%
35. Beautiful World Take That
41%
57. Progress Take That
41%
59. Never Forget - The Ultimate Collection Take That
41%
41. ...But Seriously Phil Collins
39%
51. Come Away with Me Norah Jones
38%
16. Come On Over Shania Twain
38%
27. No Angel Dido
36%
34. Life for Rent Dido
36%
24. Movie Soundtrack (1987) Dirty Dancing
35%
53. Movie Soundtrack (1965) The Sound of Music
35%
18. Back to Bedlam James Blunt
34%
46. The Man Who Travis
32%
28. White Ladder David Gray
28%
36. Hopes and Fears Keane
23%
29. Talk On Corners The Corrs
18%
38. The War of the Worlds Jeff Wayne
15%
32. Only by the Night Kings of Leon
15%
25. Spirit Leona Lewis
13%
26. Crazy Love Michael Buble
9%
58. Eyes Open Snow Patrol
9%
No matching quizzes found
Score Distribution
Percent of People with Each Score
Percentile by Number Answered
Your Score History
You have not taken this quiz